<?xml version="1.0" encoding="UTF-8"?>
<record
    xmlns:xsi="http://www.w3.org/2001/XMLSchema-instance"
    xsi:schemaLocation="http://www.loc.gov/MARC21/slim http://www.loc.gov/standards/marcxml/schema/MARC21slim.xsd"
    xmlns="http://www.loc.gov/MARC21/slim">

  <leader>02091nam2a2200289   4500</leader>
  <controlfield tag="001">RU\NLR\BIBL_A\010884059</controlfield>
  <controlfield tag="005">20250624194200.0</controlfield>
  <datafield tag="010" ind1=" " ind2=" ">
    <subfield code="a">978-5-7339-1065-9</subfield>
    <subfield code="9">100</subfield>
  </datafield>
  <datafield tag="021" ind1=" " ind2=" ">
    <subfield code="a">RU</subfield>
    <subfield code="b">2015-79428</subfield>
    <subfield code="9">4810</subfield>
  </datafield>
  <datafield tag="035" ind1=" " ind2=" ">
    <subfield code="a">(NLR Aleph) 010884059</subfield>
  </datafield>
  <datafield tag="090" ind1=" " ind2=" ">
    <subfield code="a">10517163</subfield>
    <subfield code="c">10517163</subfield>
  </datafield>
  <datafield tag="100" ind1=" " ind2=" ">
    <subfield code="a">20151106d2014    |||y0rusy50      ca</subfield>
  </datafield>
  <datafield tag="101" ind1="0" ind2=" ">
    <subfield code="a">rus</subfield>
  </datafield>
  <datafield tag="102" ind1=" " ind2=" ">
    <subfield code="a">RU</subfield>
  </datafield>
  <datafield tag="105" ind1=" " ind2=" ">
    <subfield code="a">a   j   000yy</subfield>
  </datafield>
  <datafield tag="200" ind1="1" ind2=" ">
    <subfield code="a">&#x420;&#x430;&#x441;&#x447;&#x435;&#x442; &#x43F;&#x435;&#x440;&#x435;&#x445;&#x43E;&#x434;&#x43D;&#x44B;&#x445; &#x43F;&#x440;&#x43E;&#x446;&#x435;&#x441;&#x441;&#x43E;&#x432; &#x432; &#x43B;&#x438;&#x43D;&#x435;&#x439;&#x43D;&#x44B;&#x445; &#x44D;&#x43B;&#x435;&#x43A;&#x442;&#x440;&#x438;&#x447;&#x435;&#x441;&#x43A;&#x438;&#x445; &#x446;&#x435;&#x43F;&#x44F;&#x445; &#x441; &#x43F;&#x440;&#x438;&#x43C;&#x435;&#x43D;&#x435;&#x43D;&#x438;&#x435;&#x43C; &#x43A;&#x43E;&#x43C;&#x43F;&#x44C;&#x44E;&#x442;&#x435;&#x440;&#x43D;&#x43E;&#x433;&#x43E; &#x43C;&#x43E;&#x434;&#x435;&#x43B;&#x438;&#x440;&#x43E;&#x432;&#x430;&#x43D;&#x438;&#x44F; &#x432; &#x441;&#x438;&#x441;&#x442;&#x435;&#x43C;&#x435; Electronics Workbench</subfield>
    <subfield code="e">&#x441;&#x435;&#x43C;&#x438;&#x43D;&#x430;&#x440;&#x44B; &#x438; &#x43A;&#x443;&#x440;&#x441;&#x43E;&#x432;&#x44B;&#x435;/&#x43A;&#x43E;&#x43D;&#x442;&#x440;&#x43E;&#x43B;&#x44C;&#x43D;&#x44B;&#x435; &#x440;&#x430;&#x431;&#x43E;&#x442;&#x44B;</subfield>
  </datafield>
  <datafield tag="210" ind1=" " ind2=" ">
    <subfield code="d">2014</subfield>
    <subfield code="a">&#x411;. &#x43C;.</subfield>
  </datafield>
  <datafield tag="215" ind1=" " ind2=" ">
    <subfield code="a">192 &#x441;.</subfield>
    <subfield code="c">&#x438;&#x43B;.</subfield>
  </datafield>
  <datafield tag="320" ind1=" " ind2=" ">
    <subfield code="a">&#x411;&#x438;&#x431;&#x43B;&#x438;&#x43E;&#x433;&#x440;.: &#x441;. 188 (9 &#x43D;&#x430;&#x437;&#x432;.)</subfield>
  </datafield>
  <datafield tag="461" ind1=" " ind2="0">
    <subfield code="1">001RU\NLR\BIBL_A\010940681</subfield>
    <subfield code="1">2001#$a&#x422;&#x435;&#x43E;&#x440;&#x435;&#x442;&#x438;&#x447;&#x435;&#x441;&#x43A;&#x438;&#x435; &#x43E;&#x441;&#x43D;&#x43E;&#x432;&#x44B; &#x44D;&#x43B;&#x435;&#x43A;&#x442;&#x440;&#x43E;&#x442;&#x435;&#x445;&#x43D;&#x438;&#x43A;&#x438;$v&#x427;. 2</subfield>
    <subfield code="1">700#1$a&#x41B;&#x44E;&#x431;&#x430;&#x440;&#x441;&#x43A;&#x430;&#x44F;$b&#x422;.&#x410;.</subfield>
    <subfield code="9">10751895</subfield>
    <subfield code="a">&#x41B;&#x44E;&#x431;&#x430;&#x440;&#x441;&#x43A;&#x430;&#x44F;, &#x422;. &#x410;.</subfield>
    <subfield code="c">&#x41C;&#x43E;&#x441;&#x43A;&#x432;&#x430;</subfield>
    <subfield code="d">2014</subfield>
    <subfield code="f">&#x422;.&#x410;. &#x41B;&#x44E;&#x431;&#x430;&#x440;&#x441;&#x43A;&#x430;&#x44F;</subfield>
    <subfield code="n">&#x41C;&#x413;&#x422;&#x423; &#x41C;&#x418;&#x420;&#x42D;&#x410;</subfield>
    <subfield code="o">&#x443;&#x447;&#x435;&#x431;&#x43D;&#x43E;&#x435; &#x43F;&#x43E;&#x441;&#x43E;&#x431;&#x438;&#x435; : &#x434;&#x43B;&#x44F; &#x441;&#x442;&#x443;&#x434;&#x435;&#x43D;&#x442;&#x43E;&#x432;, &#x43E;&#x431;&#x443;&#x447;&#x430;&#x44E;&#x449;&#x438;&#x445;&#x441;&#x44F; &#x43F;&#x43E; &#x43D;&#x430;&#x43F;&#x440;&#x430;&#x432;&#x43B;&#x435;&#x43D;&#x438;&#x44F;&#x43C; "&#x411;&#x438;&#x43E;&#x442;&#x435;&#x445;&#x43D;&#x438;&#x447;&#x435;&#x441;&#x43A;&#x438;&#x435; &#x441;&#x438;&#x441;&#x442;&#x435;&#x43C;&#x44B; &#x438; &#x442;&#x435;&#x445;&#x43D;&#x43E;&#x43B;&#x43E;&#x433;&#x438;&#x438;", "&#x41F;&#x440;&#x438;&#x431;&#x43E;&#x440;&#x43E;&#x441;&#x442;&#x440;&#x43E;&#x435;&#x43D;&#x438;&#x435;", "&#x423;&#x43F;&#x440;&#x430;&#x432;&#x43B;&#x435;&#x43D;&#x438;&#x435; &#x432; &#x442;&#x435;&#x445;&#x43D;&#x438;&#x447;&#x435;&#x441;&#x43A;&#x438;&#x445; &#x441;&#x438;&#x441;&#x442;&#x435;&#x43C;&#x430;&#x445;", "&#x418;&#x43D;&#x444;&#x43E;&#x440;&#x43C;&#x430;&#x442;&#x438;&#x43A;&#x430; &#x438; &#x432;&#x44B;&#x447;&#x438;&#x441;&#x43B;&#x438;&#x442;&#x435;&#x43B;&#x44C;&#x43D;&#x430;&#x44F; &#x442;&#x435;&#x445;&#x43D;&#x438;&#x43A;&#x430;"</subfield>
    <subfield code="p">21</subfield>
    <subfield code="t">&#x422;&#x435;&#x43E;&#x440;&#x435;&#x442;&#x438;&#x447;&#x435;&#x441;&#x43A;&#x438;&#x435; &#x43E;&#x441;&#x43D;&#x43E;&#x432;&#x44B; &#x44D;&#x43B;&#x435;&#x43A;&#x442;&#x440;&#x43E;&#x442;&#x435;&#x445;&#x43D;&#x438;&#x43A;&#x438;</subfield>
    <subfield code="v">&#x427;. 2</subfield>
  </datafield>
  <datafield tag="606" ind1="1" ind2=" ">
    <subfield code="a">&#x41B;&#x438;&#x43D;&#x435;&#x439;&#x43D;&#x44B;&#x435; &#x44D;&#x43B;&#x435;&#x43A;&#x442;&#x440;&#x438;&#x447;&#x435;&#x441;&#x43A;&#x438;&#x435; &#x446;&#x435;&#x43F;&#x438;</subfield>
    <subfield code="j">&#x423;&#x447;&#x435;&#x431;&#x43D;&#x44B;&#x435; &#x438;&#x437;&#x434;&#x430;&#x43D;&#x438;&#x44F; &#x434;&#x43B;&#x44F; &#x432;&#x44B;&#x441;&#x448;&#x438;&#x445; &#x443;&#x447;&#x435;&#x431;&#x43D;&#x44B;&#x445; &#x437;&#x430;&#x432;&#x435;&#x434;&#x435;&#x43D;&#x438;&#x439;</subfield>
    <subfield code="x">&#x420;&#x430;&#x441;&#x447;&#x435;&#x442; &#x43D;&#x430; &#x43A;&#x43E;&#x43C;&#x43F;&#x44C;&#x44E;&#x442;&#x435;&#x440;&#x430;&#x445;</subfield>
    <subfield code="9">2096830</subfield>
    <subfield code="3">RU\NLR\AUTH\661268600</subfield>
  </datafield>
  <datafield tag="606" ind1="1" ind2=" ">
    <subfield code="a">ELECTRONICS WORKBENCH, &#x43F;&#x430;&#x43A;&#x435;&#x442; &#x43F;&#x440;&#x438;&#x43A;&#x43B;&#x430;&#x434;&#x43D;&#x44B;&#x445; &#x43F;&#x440;&#x43E;&#x433;&#x440;&#x430;&#x43C;&#x43C;</subfield>
    <subfield code="j">&#x423;&#x447;&#x435;&#x431;&#x43D;&#x44B;&#x435; &#x438;&#x437;&#x434;&#x430;&#x43D;&#x438;&#x44F; &#x434;&#x43B;&#x44F; &#x432;&#x44B;&#x441;&#x448;&#x438;&#x445; &#x443;&#x447;&#x435;&#x431;&#x43D;&#x44B;&#x445; &#x437;&#x430;&#x432;&#x435;&#x434;&#x435;&#x43D;&#x438;&#x439;</subfield>
    <subfield code="9">2182238</subfield>
    <subfield code="3">RU\NLR\AUTH\661312218</subfield>
  </datafield>
  <datafield tag="686" ind1="1" ind2=" ">
    <subfield code="a">&#x417;211.020.05&#x441;116&#x44F;73-1</subfield>
  </datafield>
  <datafield tag="942" ind1=" " ind2=" ">
    <subfield code="c">BOOK</subfield>
  </datafield>
  <datafield tag="980" ind1=" " ind2=" ">
    <subfield code="a">NB</subfield>
  </datafield>
  <datafield tag="995" ind1=" " ind2=" ">
    <subfield code="5">2015-11-06</subfield>
    <subfield code="a">ad</subfield>
    <subfield code="b">NLR01</subfield>
    <subfield code="c">NLR01</subfield>
    <subfield code="e">RF9</subfield>
    <subfield code="f">1-1188189</subfield>
    <subfield code="k">2015-3/29328</subfield>
    <subfield code="o">0</subfield>
    <subfield code="p">0.00</subfield>
    <subfield code="r">BOOK</subfield>
    <subfield code="s">2015329328_</subfield>
    <subfield code="u">Y</subfield>
  </datafield>
  <datafield tag="995" ind1=" " ind2=" ">
    <subfield code="5">2015-11-06</subfield>
    <subfield code="a">ad</subfield>
    <subfield code="b">NLR01</subfield>
    <subfield code="c">NLR01</subfield>
    <subfield code="e">RF9</subfield>
    <subfield code="f">1-1188190</subfield>
    <subfield code="k">2015-3/29328</subfield>
    <subfield code="o">0</subfield>
    <subfield code="p">0.00</subfield>
    <subfield code="r">BOOK</subfield>
    <subfield code="s">2015329328_</subfield>
    <subfield code="u">Y</subfield>
  </datafield>
</record>
